000 nam a22 7a 4500
999 _c10627
_d10627
008 180219b ||||| |||| 00| 0 eng d
100 _aVishala, M
_96516
245 _aGuidence and Counceling
260 _aNew Delhi
_bS, Chand Publication
_c2012